<?xml version="1.0" encoding="UTF-8"?>
<record
    xmlns:xsi="http://www.w3.org/2001/XMLSchema-instance"
    xsi:schemaLocation="http://www.loc.gov/MARC21/slim http://www.loc.gov/standards/marcxml/schema/MARC21slim.xsd"
    xmlns="http://www.loc.gov/MARC21/slim">

  <leader>03317cam a22004694i 4500</leader>
  <controlfield tag="003">PE-LiUPU</controlfield>
  <controlfield tag="005">20250731165413.0</controlfield>
  <controlfield tag="008">151118s2015    pe a   grm    000 0 spa d</controlfield>
  <datafield tag="035" ind1=" " ind2=" ">
    <subfield code="a">(Sirsi) a155161</subfield>
  </datafield>
  <datafield tag="040" ind1=" " ind2=" ">
    <subfield code="a">PE-LiUPU</subfield>
    <subfield code="b">spa</subfield>
    <subfield code="c">PE-LiUPU</subfield>
    <subfield code="e">rda</subfield>
  </datafield>
  <datafield tag="099" ind1=" " ind2=" ">
    <subfield code="a">TC 2</subfield>
    <subfield code="b">M19 2015</subfield>
  </datafield>
  <datafield tag="100" ind1="1" ind2=" ">
    <subfield code="a">Maldonado Pizarro, Joel Antonio</subfield>
    <subfield code="e">autor</subfield>
  </datafield>
  <datafield tag="245" ind1="1" ind2=" ">
    <subfield code="a">An&#xE1;lisis del nivel de uso del Nuevo periodismo en la redacci&#xF3;n de textos publicados en los diarios El Comercio y La Rep&#xFA;blica, Lima, 2015 /</subfield>
    <subfield code="c">Joel Antonio Maldonado Pizarro.</subfield>
  </datafield>
  <datafield tag="264" ind1=" " ind2="0">
    <subfield code="c">2015.</subfield>
  </datafield>
  <datafield tag="300" ind1=" " ind2=" ">
    <subfield code="a">141 hojas : </subfield>
    <subfield code="b">ilustraciones;</subfield>
    <subfield code="c">30 cm</subfield>
  </datafield>
  <datafield tag="336" ind1=" " ind2=" ">
    <subfield code="a">text</subfield>
    <subfield code="2">rdacontent</subfield>
  </datafield>
  <datafield tag="337" ind1=" " ind2=" ">
    <subfield code="a">unmediated</subfield>
    <subfield code="2">rdamedia</subfield>
  </datafield>
  <datafield tag="338" ind1=" " ind2=" ">
    <subfield code="a">volume</subfield>
    <subfield code="2">rdacarrier</subfield>
  </datafield>
  <datafield tag="502" ind1=" " ind2=" ">
    <subfield code="a">Tesis</subfield>
    <subfield code="b">(Lic.) -- </subfield>
    <subfield code="c">Universidad Peruana Uni&#xF3;n,</subfield>
    <subfield code="d">2015.</subfield>
  </datafield>
  <datafield tag="504" ind1=" " ind2=" ">
    <subfield code="a">Incluye referencias</subfield>
  </datafield>
  <datafield tag="520" ind1="3" ind2=" ">
    <subfield code="a">El prop&#xF3;sito que enmarc&#xF3; esta investigaci&#xF3;n fue el de determinar el nivel de uso del Nuevo periodismo (la cual incluye el dominio de las herramientas literarias dentro de las notas informativas de los peri&#xF3;dicos de estudio) en los diarios de El Comercio y La Rep&#xFA;blica. El tipo de investigaci&#xF3;n fue b&#xE1;sica de enfoque cuantitativo; el dise&#xF1;o no experimental, y la muestra estuvo conformada por un total de 112 notas period&#xED;sticas -por diario- durante el lapso de una semana. Para el desarrollo del estudio, se elabor&#xF3; un instrumento de medici&#xF3;n (una ficha de cotejo) que fue validado por cinco expertos: un linguista, un escritor, dos periodistas y un catedr&#xE1;tico de Ciencias de la Comunicaci&#xF3;n. El an&#xE1;lisis se reparti&#xF3; en cuatro secciones de los diarios de estudio: Pol&#xED;tica, Opini&#xF3;n, Mundo y Espect&#xE1;culos. Cada secci&#xF3;n fue evaluada por medio de las dimensiones de la variable determinada en el estudio. Los resultados del an&#xE1;lisis de la ficha de cotejo reflejaron que estad&#xED;sticamente existe un nivel Deficiente de uso del Nuevo Periodismo dentro de las notas period&#xED;sticas de los diarios de El Comercio y la Rep&#xFA;blica. As&#xED; se pudo comprobar, por ejemplo, que el 68.8% de las notas escritas del diario El Comercio alcanzaron un nivel Deficiente del uso del nuevo Periodismo. Y solo el 0.9% de las 112 notas analizadas tuvieron un nivel de uso Bueno; esto se traducir&#xED;a a que m&#xE1;s de 70 notas analizadas tuvieron un nivel de uso Bueno; esto se traducir&#xED;a a que m&#xE1;s de 70 notas no cumplieron con los requisitos de las dimensiones de la variable de estudio y solo una nota lleg&#xF3; a cumplir satisfactoriamente los requerimientos del Nuevo Periodismo. De la misma forma, el diario La Rep&#xFA;blica alcanz&#xF3; un 71.4% de nivel Deficiente en cuanto al uso de la variable de investigaci&#xF3;n y tuvo un 0.0% de nivel Bueno.</subfield>
  </datafield>
  <datafield tag="526" ind1=" " ind2=" ">
    <subfield code="a">SEG44</subfield>
  </datafield>
  <datafield tag="526" ind1=" " ind2=" ">
    <subfield code="a">SEG26</subfield>
  </datafield>
  <datafield tag="526" ind1=" " ind2=" ">
    <subfield code="a">P151</subfield>
  </datafield>
  <datafield tag="526" ind1=" " ind2=" ">
    <subfield code="a">P150</subfield>
  </datafield>
  <datafield tag="526" ind1=" " ind2=" ">
    <subfield code="a">P149</subfield>
  </datafield>
  <datafield tag="526" ind1=" " ind2=" ">
    <subfield code="a">P146</subfield>
  </datafield>
  <datafield tag="526" ind1=" " ind2=" ">
    <subfield code="a">P145</subfield>
  </datafield>
  <datafield tag="526" ind1=" " ind2=" ">
    <subfield code="a">P126</subfield>
  </datafield>
  <datafield tag="526" ind1=" " ind2=" ">
    <subfield code="a">P125</subfield>
  </datafield>
  <datafield tag="526" ind1=" " ind2=" ">
    <subfield code="a">P92</subfield>
  </datafield>
  <datafield tag="526" ind1=" " ind2=" ">
    <subfield code="a">P75</subfield>
  </datafield>
  <datafield tag="526" ind1=" " ind2=" ">
    <subfield code="a">P74</subfield>
  </datafield>
  <datafield tag="526" ind1=" " ind2=" ">
    <subfield code="a">P27</subfield>
  </datafield>
  <datafield tag="526" ind1=" " ind2=" ">
    <subfield code="a">P15</subfield>
  </datafield>
  <datafield tag="650" ind1="1" ind2="4">
    <subfield code="a">Publicidad</subfield>
    <subfield code="x">Redaccion.</subfield>
  </datafield>
  <datafield tag="610" ind1=" " ind2=" ">
    <subfield code="a">Diario El Comercio</subfield>
    <subfield code="x">Publicidad</subfield>
    <subfield code="x">Redacci&#xF3;n.</subfield>
  </datafield>
  <datafield tag="610" ind1=" " ind2=" ">
    <subfield code="a">Diario La Rep&#xFA;blica</subfield>
    <subfield code="x">Publicidad</subfield>
    <subfield code="x">Redacci&#xF3;n.</subfield>
  </datafield>
  <datafield tag="596" ind1=" " ind2=" ">
    <subfield code="a">1</subfield>
  </datafield>
  <datafield tag="942" ind1=" " ind2=" ">
    <subfield code="2">ddc</subfield>
    <subfield code="c">TESIS</subfield>
  </datafield>
  <datafield tag="999" ind1=" " ind2=" ">
    <subfield code="a">TC 2 M19 2015</subfield>
    <subfield code="w">ALPHANUM</subfield>
    <subfield code="c">7843</subfield>
    <subfield code="i">T01840</subfield>
    <subfield code="l">CCODEBUL3</subfield>
    <subfield code="m">BUL</subfield>
    <subfield code="r">1</subfield>
    <subfield code="s">Y</subfield>
    <subfield code="t">TESIS</subfield>
    <subfield code="u">2015-11-18</subfield>
    <subfield code="x">EDUCACION</subfield>
    <subfield code="P">P07</subfield>
    <subfield code="o">.STAFF. Tesis</subfield>
    <subfield code="d">7843</subfield>
  </datafield>
  <datafield tag="980" ind1=" " ind2=" ">
    <subfield code="8">1</subfield>
    <subfield code="g">ALBERTO SANCHEZ Responsable de Automatizaci&#xF3;n</subfield>
  </datafield>
  <datafield tag="952" ind1=" " ind2=" ">
    <subfield code="r">2022-07-06 00:00:00</subfield>
    <subfield code="l">0</subfield>
    <subfield code="o">TC 2 M19 2015</subfield>
    <subfield code="p">T01840</subfield>
    <subfield code="t">e1</subfield>
    <subfield code="w">2015-11-18</subfield>
    <subfield code="x">FACIHED</subfield>
    <subfield code="y">TESIS</subfield>
    <subfield code="z">Este &#xCD;tem NO se presta por ser Ejemplar #1.</subfield>
    <subfield code="1">0</subfield>
    <subfield code="2">ddc</subfield>
    <subfield code="7">1</subfield>
    <subfield code="8">TESIS</subfield>
    <subfield code="f">P07</subfield>
    <subfield code="a">BUL</subfield>
    <subfield code="b">BUL</subfield>
    <subfield code="c">TESIS</subfield>
    <subfield code="d">2015-11-18</subfield>
  </datafield>
</record>
